| 000 | 00561nam a2200145Ia 4500 | ||
|---|---|---|---|
| 008 | 151213s9999 xx 000 0 und d | ||
| 100 | _aসিরাজুল ইসলাম চেীধুর্।ী | ||
| 245 |
_aঅম্বেষণ। _cসিরাজুল ইসলাম চেীধুর্।ী |
||
| 260 |
_aঢাকা _bপ্রিমিয়ার বকস। _c1964 |
||
| 300 | _a8509 p. | ||
| 650 | _aBangla | ||
| 650 | _aBengali Literature | ||
| 700 | _aসিরাজুল ইসলাম চেীধুর্।ী | ||
| 999 |
_c4346 _d4346 |
||